Normal view
MARC view
- Interpreting the past radiocarbon dating
Entry Topical Term
001 - CONTROL NUMBER
- control field: 108414
003 - CONTROL NUMBER IDENTIFIER
- control field: NUST
005 - DATE AND TIME OF LATEST TRANSACTION
- control field: 20230201135911.0
008 - FIXED-LENGTH DATA ELEMENTS
- fixed length control field: 230201|| aca||aabn | a|a d
040 ## - CATALOGING SOURCE
- Original cataloging agency: NUST
- Transcribing agency: NUST
150 ## - HEADING--TOPICAL TERM
- Topical term or geographic name entry element: Interpreting the past radiocarbon dating
670 ## - SOURCE DATA FOUND
- Source citation: Work cat.: (NUST)186958: Bowman,Sheridan 547, Interpreting the past radiocarbon dating / , 2007
